[Event "Landsturneringen - Elite"]
[Site "Oslo"]
[Date "2011.07.02"]
[Round "1"]
[White "Sahl, Bjarke"]
[Black "Johannessen, Leif Erlend"]
[Result "1/2-1/2"]
[WhiteElo "2363"]
[BlackElo "2496"]
[PlyCount "105"]
[EventDate "2011.??.??"]
[EventType "swiss"]
[EventRounds "9"]

1. d4 Nf6 2. Nf3 e6 3. c4 d5 4. Nc3 Be7 5. Bg5 h6 6. Bh4 O-O 7. e3 b6 8. Be2
Bb7 9. O-O Nbd7 10. cxd5 Nxd5 11. Bxe7 Qxe7 12. Qa4 Nxc3 13. bxc3 c5 14. Nd2
Rfc8 15. Bf3 Nf6 16. Rfc1 Bxf3 17. Nxf3 Rc7 18. c4 Rac8 19. Rc2 cxd4 20. exd4
Nd7 21. Re1 Qd6 22. h3 Qf4 23. Rce2 Nf6 24. Rc2 Ne4 25. Qb3 Ng5 26. Nxg5 hxg5
27. Qd3 g6 28. Re5 Rd8 29. Re4 Qf5 30. Qe2 Rcd7 31. Rd2 Kg7 32. Re5 Qf6 33. Qe3
Rc8 34. Qe2 Rdc7 35. Rc2 Qf4 36. Re4 Qd6 37. h4 Rh8 38. c5 bxc5 39. dxc5 Rxc5
40. Rxc5 Qxc5 41. Qb2+ Kg8 42. Rb4 Kh7 43. hxg5 Qxg5 44. g3 e5 45. Rh4+ Kg7 46.
Rxh8 Kxh8 47. Qb8+ Kg7 48. Qxa7 Qc1+ 49. Kh2 Qd2 50. a4 e4 51. Qc5 f5 52. Kh3
Qd1 53. Qe7+ 1/2-1/2

[Event "Landsturneringen - Elite"]
[Site "Oslo"]
[Date "2011.07.02"]
[Round "1"]
[White "Grønn, Atle"]
[Black "Tjølsen, Katrine"]
[Result "0-1"]
[WhiteElo "2409"]
[BlackElo "2225"]
[PlyCount "146"]
[EventDate "2011.??.??"]
[EventType "swiss"]
[EventRounds "9"]

1. Nf3 Nf6 2. b3 g6 3. Bb2 Bg7 4. e3 O-O 5. Be2 c5 6. c4 b6 7. O-O Bb7 8. Qc2
Nc6 9. Rd1 d5 10. cxd5 Nb4 11. Qc1 Rc8 12. Nc3 Nbxd5 13. a3 a6 14. d3 Qd7 15.
Na4 Qd6 16. e4 Nf4 17. Bf1 Nd7 18. Bxg7 Kxg7 19. Qb2+ e5 20. d4 exd4 21. Nxd4
Qf6 22. Nf5+ gxf5 23. Rxd7 Qxb2 24. Nxb2 Bxe4 25. Bxa6 Rcd8 26. Rxd8 Rxd8 27.
Bf1 Kf6 28. Nc4 b5 29. Ne3 Rg8 30. g3 Bc6 31. a4 b4 32. a5 Ne6 33. Bc4 Ke5 34.
a6 f4 35. Ng2 f3 36. Re1+ Kd6 37. Ne3 Ra8 38. Nf5+ Kc7 39. h4 Rf8 40. Nh6 Nd4
41. Nxf7 Kb6 42. Ng5 Bb5 43. Nxh7 Rh8 44. Nf6 Bxc4 45. bxc4 b3 46. Ra1 Ka7 47.
Ne4 Rb8 48. h5 b2 49. Rb1 Nc2 50. Nc3 Na3 51. Rd1 Kxa6 52. Nb1 Nxb1 53. Rxb1
Ka5 54. Kh2 Ka4 55. g4 Kb3 56. Kg3 Kc2 57. Rh1 b1=Q 58. Rxb1 Rxb1 59. g5 Kd3
60. Kxf3 Rh1 61. h6 Kxc4 62. Ke4 Kb4 63. f4 c4 64. g6 Rxh6 65. f5 Rh4+ 66. Kf3
c3 67. g7 c2 68. g8=Q c1=Q 69. Qb8+ Ka3 70. Qd6+ Rb4 71. f6 Qc3+ 72. Kg2 Ka2
73. Qa6+ Kb2 0-1

[Event "Landsturneringen - Elite"]
[Site "Oslo"]
[Date "2011.07.02"]
[Round "1"]
[White "David, Edwin"]
[Black "Thomassen, Joachim"]
[Result "1-0"]
[WhiteElo "2277"]
[BlackElo "2398"]
[PlyCount "45"]
[EventDate "2011.??.??"]
[EventType "swiss"]
[EventRounds "9"]

1. e4 c5 2. b4 cxb4 3. a3 e6 4. axb4 Bxb4 5. c3 Bf8 6. d4 d5 7. e5 Ne7 8. Bd3
Ng6 9. Qh5 Qh4 10. Qf3 f5 11. exf6 Qxf6 12. Qh5 Qf7 13. Na3 Ne7 14. Qe2 Nbc6
15. Nf3 Ng6 16. Ng5 Qg8 17. Nb5 Kd8 18. Qf3 Nh4 19. Qg3 Be7 20. Qxh4 h6 21. Qg3
hxg5 22. Qc7+ Ke8 23. Nd6+ 1-0

[Event "Landsturneringen - Elite"]
[Site "Oslo"]
[Date "2011.07.02"]
[Round "1"]
[White "Østenstad, Berge"]
[Black "Moen, Andreas"]
[Result "1-0"]
[WhiteElo "2462"]
[BlackElo "2333"]
[PlyCount "113"]
[EventDate "2011.??.??"]
[EventType "swiss"]
[EventRounds "9"]

1. c4 e5 2. g3 Nf6 3. Bg2 Nc6 4. Nc3 Bb4 5. Nd5 Bc5 6. e3 O-O 7. Ne2 Re8 8. O-O
a6 9. d3 Ba7 10. b3 d6 11. Bb2 Nxd5 12. cxd5 Ne7 13. d4 Bg4 14. dxe5 dxe5 15.
h3 Bxe2 16. Qxe2 Nf5 17. Rac1 Bb6 18. Kh2 Qe7 19. a4 g6 20. Qc4 h5 21. Qc3 a5
22. Rfe1 Qb4 23. Qxb4 axb4 24. g4 hxg4 25. hxg4 Nd6 26. g5 Ra5 27. Re2 Rc5 28.
Rxc5 Bxc5 29. Rc2 b6 30. e4 Nb7 31. Bf1 Na5 32. Bc4 Bd4 33. Kg3 Bxb2 34. Rxb2
Kf8 35. f4 exf4+ 36. Kxf4 Ke7 37. d6+ Kxd6 38. Bxf7 Rf8 39. e5+ Ke7 40. e6 Nb7
41. Ke5 Nd6 42. Rc2 Nxf7+ 43. exf7 c5 44. Kd5 Rd8+ 45. Kc6 Rd6+ 46. Kc7 Re6 47.
Rf2 Kf8 48. Rf3 c4 49. bxc4 Re4 50. Kxb6 Rxc4 51. a5 Rc3 52. Rf4 b3 53. Rb4
Kxf7 54. a6 Re3 55. a7 Re6+ 56. Kb5 Re5+ 57. Ka4 1-0

[Event "Landsturneringen - Elite"]
[Site "Oslo"]
[Date "2011.07.02"]
[Round "1"]
[White "Forså, Espen"]
[Black "Djurhuus, Rune"]
[Result "1/2-1/2"]
[WhiteElo "2321"]
[BlackElo "2459"]
[PlyCount "87"]
[EventDate "2011.??.??"]
[EventType "swiss"]
[EventRounds "9"]

1. c4 e5 2. g3 f5 3. d4 exd4 4. Nf3 Bb4+ 5. Nbd2 Nc6 6. Bg2 a5 7. a3 Be7 8. Nb3
Bf6 9. Nbxd4 Nxd4 10. Nxd4 Ne7 11. c5 O-O 12. O-O c6 13. Qb3+ Kh8 14. Rd1 a4
15. Qc2 Qa5 16. Bd2 Qc7 17. Nxf5 Nxf5 18. Qxf5 d5 19. Qc2 Qf7 20. Bf4 Ra5 21.
e4 dxe4 22. Bxe4 Qh5 23. Be3 Bg4 24. Rd2 Re8 25. Bg2 h6 26. Rc1 Rb5 27. Qxa4
Bxb2 28. Rf1 Be2 29. Re1 Bf3 30. Rf1 Qf5 31. Bxf3 Qxf3 32. Rd7 Bf6 33. Qc2 Rb2
34. Qc1 Qf5 35. Rd2 Rb3 36. Qc2 Qxc2 37. Rxc2 Rxa3 38. Rb1 Re7 39. Rc4 Kg8 40.
Kg2 Ra2 41. Kf3 Rf7 42. Kg4 Kh7 43. Rcb4 Ra7 44. h4 1/2-1/2

[Event "Landsturneringen - Elite"]
[Site "Oslo"]
[Date "2011.07.02"]
[Round "1"]
[White "Smith, Axel"]
[Black "Gabrielsen, Trond"]
[Result "1/2-1/2"]
[WhiteElo "2450"]
[BlackElo "2290"]
[PlyCount "182"]
[EventDate "2011.??.??"]
[EventType "swiss"]
[EventRounds "9"]

1. c4 e5 2. Nc3 Nf6 3. Nf3 Nc6 4. e4 Bb4 5. d3 O-O 6. g3 d6 7. Bg2 a6 8. O-O
Bxc3 9. bxc3 b5 10. cxb5 axb5 11. d4 Qe7 12. Nh4 Ra4 13. Qb3 exd4 14. Qxb5 Ra6
15. e5 Nxe5 16. cxd4 Rb6 17. Qa5 Nc6 18. Qc3 Nb4 19. Bg5 h6 20. Bxf6 Qxf6 21.
Qxc7 Qxd4 22. Rab1 Ra6 23. Rfd1 Qc5 24. Qxc5 dxc5 25. Rbc1 Ra5 26. a3 Rxa3 27.
Rxc5 Bg4 28. Rb1 Nd3 29. Rcb5 Rc3 30. Bd5 Rfc8 31. Rb8 Rc1+ 32. Rxc1 Rxb8 33.
Ra1 g5 34. Ng6 Kg7 35. Ne7 Rd8 36. Be4 Nc5 37. Bg2 Nb3 38. Re1 Rd1 39. Rxd1
Bxd1 40. Nf5+ Kg6 41. Be4 Na5 42. Ne3+ f5 43. Nxf5 Ba4 44. h4 gxh4 45. Nxh4+
Kf6 46. Kg2 Nc4 47. Nf3 Nd6 48. Ba8 Bd7 49. Nd2 Bg4 50. Nf1 Be6 51. Nh2 Nc4 52.
Bf3 Ne5 53. Be2 Bd7 54. g4 Bc8 55. Kg3 Bd7 56. Nf1 Be8 57. Nd2 Bd7 58. f4 Nf7
59. Bf3 Bc8 60. Ne4+ Kg7 61. Nc5 Nd6 62. Kh4 Kf6 63. Kh5 Kg7 64. Bc6 Nf7 65.
Bd7 Bxd7 66. Nxd7 Nd6 67. f5 Nf7 68. f6+ Kh7 69. Nf8+ Kg8 70. Ng6 Kh7 71. Nf8+
Kg8 72. Ne6 Kh7 73. Nf4 Ne5 74. Nd5 Nf7 75. Nc7 Nd6 76. Nd5 Nf7 77. Ne7 Ne5 78.
Nd5 Nf7 79. Nf4 Ne5 80. Ne6 Nf7 81. g5 hxg5 82. Nxg5+ Kg8 83. Nf3 Kf8 84. Kg6
Nh8+ 85. Kf5 Nf7 86. Nd4 Nd8 87. Kg6 Kg8 88. Nb3 Ne6 89. Nd2 Nf8+ 90. Kf5 Nd7
91. Ne4 Nxf6 1/2-1/2

[Event "Landsturneringen - Elite"]
[Site "Oslo"]
[Date "2011.07.02"]
[Round "1"]
[White "Gabrielsen, Stig"]
[Black "Getz, Nicolai"]
[Result "0-1"]
[WhiteElo "2297"]
[BlackElo "2385"]
[PlyCount "54"]
[EventDate "2011.??.??"]
[EventType "swiss"]
[EventRounds "9"]

1. e4 e6 2. d4 d5 3. Nc3 Nf6 4. e5 Nfd7 5. f4 c5 6. Nf3 Nc6 7. Be3 a6 8. Qd2 b5
9. a3 g5 10. fxg5 cxd4 11. Nxd4 Ncxe5 12. Nf3 Bg7 13. Nxe5 Nxe5 14. Bd4 h6 15.
O-O-O Qxg5 16. Be3 Qe7 17. b4 Bd7 18. h4 Rc8 19. Bd4 Rg8 20. Rh3 Nc4 21. Bxc4
Bxd4 22. Qxd4 Rxc4 23. Qf2 Bc6 24. Rg3 Rxg3 25. Qxg3 Qxh4 26. Qg8+ Ke7 27. Kb2
Qg4 0-1

[Event "Landsturneringen - Elite"]
[Site "Oslo"]
[Date "2011.07.03"]
[Round "2"]
[White "Urkedal, Frode"]
[Black "Getz, Nicolai"]
[Result "1/2-1/2"]
[WhiteElo "2448"]
[BlackElo "2385"]
[PlyCount "90"]
[EventDate "2011.??.??"]
[EventType "swiss"]
[EventRounds "9"]

1. d4 d5 2. c4 e6 3. Nc3 c6 4. e4 dxe4 5. Nxe4 Bb4+ 6. Bd2 Qxd4 7. Bxb4 Qxe4+
8. Be2 Na6 9. Ba5 b6 10. Qd6 Bd7 11. Bc3 f6 12. Nf3 O-O-O 13. Qa3 Kb7 14. Nd2
Qxg2 15. Bf3 Qh3 16. O-O-O Nc5 17. Bd4 Qf5 18. Bxc5 Qxc5 19. Qxc5 bxc5 20. Rhg1
Ne7 21. Rxg7 Nf5 22. Rf7 Nd4 23. Nb3 Nxf3 24. Nxc5+ Kc8 25. Rdxd7 Rxd7 26. Rxd7
Nxh2 27. Rxa7 Kb8 28. Re7 Ng4 29. Nd7+ Kc8 30. Nb6+ Kb8 31. a4 Nxf2 32. Kc2 Rd8
33. a5 Nd3 34. Kc3 Nc5 35. b4 Ne4+ 36. Kc2 Rd2+ 37. Kc1 Ra2 38. Rxe6 f5 39. Re5
Ng3 40. Kb1 Re2 41. Nd7+ Kc7 42. Rxe2 Nxe2 43. Ne5 Nd4 44. Kc1 h5 45. Ng6 c5
1/2-1/2

[Event "Landsturneringen - Elite"]
[Site "Oslo"]
[Date "2011.07.03"]
[Round "2"]
[White "Thomassen, Joachim"]
[Black "Grønn, Atle"]
[Result "1-0"]
[WhiteElo "2398"]
[BlackElo "2409"]
[PlyCount "61"]
[EventDate "2011.??.??"]
[EventType "swiss"]
[EventRounds "9"]

1. e4 c5 2. Nf3 Nc6 3. d4 cxd4 4. Nxd4 Nf6 5. Nc3 d6 6. Bg5 Bd7 7. f4 Qb6 8.
Nb3 Qe3+ 9. Qe2 Qxe2+ 10. Bxe2 Rc8 11. O-O-O h6 12. Bh4 Rg8 13. Bf2 g5 14. f5
h5 15. Kb1 Bg7 16. h3 Bh8 17. Nd2 Kd8 18. a3 Kc7 19. g4 hxg4 20. hxg4 Kb8 21.
Nc4 Ne8 22. Nd5 e6 23. Nde3 Be5 24. Nxe5 Nxe5 25. Bg3 Bc6 26. Rxd6 Nxd6 27.
Bxe5 Rgd8 28. Rd1 Kc7 29. Nc4 Bb5 30. Nxd6 Bxe2 31. Nxf7+ 1-0

[Event "Landsturneringen - Elite"]
[Site "Oslo"]
[Date "2011.07.03"]
[Round "2"]
[White "Kovachev, Daniel J"]
[Black "Østenstad, Berge"]
[Result "1/2-1/2"]
[WhiteElo "2315"]
[BlackElo "2462"]
[PlyCount "31"]
[EventDate "2011.??.??"]
[EventType "swiss"]
[EventRounds "9"]

1. e4 e6 2. d4 d5 3. Nc3 Bb4 4. e5 c5 5. a3 Bxc3+ 6. bxc3 Qa5 7. Bd2 Qa4 8. Qb1
c4 9. h4 f6 10. f4 Nc6 11. h5 Nh6 12. g3 Bd7 13. Bh3 O-O-O 14. Nf3 Rdf8 15. Ke2
f5 16. Qb2 1/2-1/2

[Event "Landsturneringen - Elite"]
[Site "Oslo"]
[Date "2011.07.03"]
[Round "2"]
[White "Tjølsen, Katrine"]
[Black "David, Edwin"]
[Result "1-0"]
[WhiteElo "2225"]
[BlackElo "2277"]
[PlyCount "143"]
[EventDate "2011.??.??"]
[EventType "swiss"]
[EventRounds "9"]

1. c4 e5 2. g3 Nf6 3. Bg2 d5 4. cxd5 Nxd5 5. Nc3 Nb6 6. Nf3 Nc6 7. O-O Be7 8.
a3 O-O 9. b4 Be6 10. d3 a5 11. b5 Nd4 12. Rb1 f6 13. Nd2 Qc8 14. e3 Nf5 15. Qc2
Rd8 16. Rd1 a4 17. Bb2 Nd6 18. Rdc1 Ra5 19. Ba1 Qd7 20. Qb2 Qe8 21. Nde4 Nf7
22. Nd2 Qf8 23. Rd1 Bxa3 24. Qc2 Ra7 25. Nce4 Nd5 26. Nc4 Be7 27. d4 f5 28. Nc3
e4 29. Bf1 a3 30. Rdc1 b6 31. Be2 Nb4 32. Qd2 a2 33. Rb2 Ng5 34. Ne5 Raa8 35.
Nc6 Nd3 36. Nxd8 Qxd8 37. Rf1 Nxb2 38. Qxb2 Ba3 39. Qd2 Bf7 40. Kg2 Qd7 41. d5
f4 42. Kh1 fxg3 43. fxg3 Bd6 44. Qd1 Qh3 45. Bg4 Qh6 46. Kg2 Re8 47. Nxa2 Nf3
48. Bxf3 exf3+ 49. Qxf3 Bh5 50. Qf5 Bg6 51. Qf2 Be4+ 52. Kg1 Rf8 53. Qd2 Rxf1+
54. Kxf1 Qh3+ 55. Ke1 Bxg3+ 56. hxg3 Qh1+ 57. Kf2 Bf3 58. Qb2 Qg2+ 59. Ke1 Qg1+
60. Kd2 Qd1+ 61. Kc3 Qe1+ 62. Kc4 Qf1+ 63. Kb4 Qe1+ 64. Qc3 Qxg3 65. Qe5 Qxe5
66. Bxe5 Bxd5 67. Nc3 Bf3 68. Bxc7 h5 69. Bxb6 Kf7 70. Bd8 Ke6 71. e4 Kd7 72.
Bg5 1-0

[Event "Landsturneringen - Elite"]
[Site "Oslo"]
[Date "2011.07.03"]
[Round "2"]
[White "Gabrielsen, Trond"]
[Black "Forså, Espen"]
[Result "0-1"]
[WhiteElo "2290"]
[BlackElo "2321"]
[PlyCount "114"]
[EventDate "2011.??.??"]
[EventType "swiss"]
[EventRounds "9"]

1. e4 e6 2. d4 d5 3. Nc3 Nf6 4. e5 Nfd7 5. f4 c5 6. Nf3 Nc6 7. Be3 Qb6 8. Na4
Qa5+ 9. c3 cxd4 10. b4 Nxb4 11. cxb4 Bxb4+ 12. Bd2 Bxd2+ 13. Nxd2 O-O 14. Bd3
b5 15. Nb2 Nb6 16. Qc2 Nc4 17. Bxh7+ Kh8 18. Nbxc4 bxc4 19. O-O d3 20. Bxd3
cxd3 21. Qxd3 Ba6 22. Qh3+ Kg8 23. Rf2 Rac8 24. f5 Rc3 25. Qg4 exf5 26. Qxf5
Qc5 27. h4 Qe3 28. Nf1 Qh6 29. Qd7 Bc4 30. Qxa7 Qxh4 31. Nd2 Qh5 32. Qe7 Re3
33. Nf3 Re4 34. a4 Be2 35. a5 Bxf3 36. Rxf3 Rxe5 37. Qc7 Rg5 38. Qf4 Qg6 39.
Qd2 Rc8 40. Re1 Rh5 41. Rc1 Re8 42. Qf4 Rg5 43. Rf2 Re4 44. Qb8+ Kh7 45. Qb6
Qh5 46. Qb1 Rg6 47. Rcf1 Rh4 48. Rf4 Rh2 49. Qc2 Rh1+ 50. Kf2 Rxf1+ 51. Kxf1
Qh1+ 52. Ke2 Qxg2+ 53. Rf2 Qg4+ 54. Kf1 Kg8 55. Rg2 Qf3+ 56. Rf2 Qh1+ 57. Ke2
Re6+ 0-1

[Event "Landsturneringen - Elite"]
[Site "Oslo"]
[Date "2011.07.03"]
[Round "2"]
[White "Johannessen, Leif Erlend"]
[Black "Smith, Axel"]
[Result "0-1"]
[WhiteElo "2496"]
[BlackElo "2450"]
[PlyCount "108"]
[EventDate "2011.??.??"]
[EventType "swiss"]
[EventRounds "9"]

1. d4 Nf6 2. c4 e6 3. Nc3 Bb4 4. Bg5 c5 5. d5 Bxc3+ 6. bxc3 d6 7. Nf3 Qe7 8.
Nd2 exd5 9. cxd5 Qe5 10. Bxf6 Qxf6 11. Qa4+ Nd7 12. Qe4+ Kd8 13. Qc2 Ne5 14. g3
Ng4 15. Nf3 Re8 16. Bg2 Bf5 17. Qd2 Ne5 18. Nxe5 Rxe5 19. O-O Qe7 20. Rfe1 Be4
21. f3 Rxd5 22. Qb2 Bg6 23. e4 Re5 24. c4 Kc7 25. f4 Rxe4 26. Bxe4 Bxe4 27.
Qxg7 Qe6 28. Rac1 Kc6 29. Re2 Re8 30. f5 Qxf5 31. Rf2 Qg6 32. Qxf7 Qxf7 33.
Rxf7 Bg6 34. Rf6 Re4 35. Rd1 Rxc4 36. Rfxd6+ Kb5 37. Rd7 Ka6 38. Kf2 Ra4 39.
Rc7 Rxa2+ 40. Ke3 b6 41. Rdd7 Rxh2 42. Rxa7+ Kb5 43. Rd6 Rb2 44. Rb7 Ka6 45.
Rb8 Rb3+ 46. Kd2 c4 47. Rc6 Bd3 48. g4 Ka5 49. g5 b5 50. Rc5 Be4 51. Re8 Bg6
52. Rb8 Ka4 53. Rc7 Rd3+ 54. Kc1 Rd5 0-1

[Event "Landsturneringen - Elite"]
[Site "Oslo"]
[Date "2011.07.04"]
[Round "3"]
[White "Sahl, Bjarke"]
[Black "Hole, Øystein"]
[Result "1/2-1/2"]
[WhiteElo "2363"]
[BlackElo "2383"]
[PlyCount "78"]
[EventDate "2011.??.??"]
[EventType "swiss"]
[EventRounds "9"]

1. Nf3 d5 2. d4 Nf6 3. c4 c6 4. Nc3 dxc4 5. a4 Bf5 6. e3 e6 7. Bxc4 Bb4 8. O-O
O-O 9. Qe2 Bg6 10. Ne5 Nbd7 11. Nxg6 hxg6 12. Rd1 Qa5 13. Qc2 Rac8 14. Be2 Rfd8
15. e4 e5 16. Na2 exd4 17. Rxd4 Bc5 18. Bd2 Qc7 19. Rc4 Bd6 20. h3 Nb6 21. Rc3
Bh2+ 22. Kh1 Rxd2 23. Qxd2 Nxe4 24. Qe3 Nxc3 25. Nxc3 Bf4 26. Qf3 Rd8 27. Rd1
Be5 28. a5 Nd5 29. Nxd5 Rxd5 30. Rxd5 cxd5 31. Qxd5 Qc1+ 32. Bd1 Qf4 33. g3 Qf6
34. Kg2 Bxb2 35. Qxb7 Bc3 36. Qxa7 Bd4 37. Qa8+ Kh7 38. Qf3 Qxf3+ 39. Kxf3 g5
1/2-1/2

[Event "Landsturneringen - Elite"]
[Site "Oslo"]
[Date "2011.07.04"]
[Round "3"]
[White "Getz, Nicolai"]
[Black "Kovachev, Daniel J"]
[Result "1/2-1/2"]
[WhiteElo "2385"]
[BlackElo "2315"]
[PlyCount "24"]
[EventDate "2011.??.??"]
[EventType "swiss"]
[EventRounds "9"]

1. e4 e5 2. Nf3 Nc6 3. Bb5 a6 4. Bc4 Nf6 5. O-O Be7 6. d3 b5 7. Bb3 d6 8. a4
Bd7 9. c3 O-O 10. a5 Be6 11. Bxe6 fxe6 12. Nbd2 Qd7 1/2-1/2

[Event "Landsturneringen - Elite"]
[Site "Oslo"]
[Date "2011.07.04"]
[Round "3"]
[White "Gabrielsen, Stig"]
[Black "Gabrielsen, Trond"]
[Result "1/2-1/2"]
[WhiteElo "2297"]
[BlackElo "2290"]
[PlyCount "24"]
[EventDate "2011.??.??"]
[EventType "swiss"]
[EventRounds "9"]

1. e4 c6 2. d4 d5 3. e5 c5 4. dxc5 e6 5. a3 Bxc5 6. Qg4 Bf8 7. Nf3 Nc6 8. Bd3
Qc7 9. Bf4 Nh6 10. Qg3 Ne7 11. O-O Nhf5 12. Qh3 Ng6 1/2-1/2

[Event "Landsturneringen - Elite"]
[Site "Oslo"]
[Date "2011.07.04"]
[Round "3"]
[White "David, Edwin"]
[Black "Johannessen, Leif Erlend"]
[Result "0-1"]
[WhiteElo "2277"]
[BlackElo "2496"]
[PlyCount "60"]
[EventDate "2011.??.??"]
[EventType "swiss"]
[EventRounds "9"]

1. d4 f5 2. Nc3 Nf6 3. Bg5 d5 4. Bxf6 exf6 5. e3 Be6 6. Bd3 Nc6 7. Qf3 Qd7 8.
Nge2 Ne7 9. h4 h5 10. Bb5 c6 11. Ba4 Bf7 12. Nf4 g6 13. Nd3 b6 14. b4 a6 15.
Bb3 a5 16. bxa5 Rxa5 17. Rb1 Nc8 18. Na4 c5 19. dxc5 bxc5 20. Nc3 c4 21. Bxc4
dxc4 22. Nf4 Be7 23. Rb7 Qd6 24. O-O O-O 25. Rd1 Qe5 26. Ncd5 Bd6 27. Qg3 Be8
28. Nc7 Bxc7 29. Rd7 Rc5 30. c3 Ne7 0-1

[Event "Landsturneringen - Elite"]
[Site "Oslo"]
[Date "2011.07.04"]
[Round "3"]
[White "Østenstad, Berge"]
[Black "Djurhuus, Rune"]
[Result "0-1"]
[WhiteElo "2462"]
[BlackElo "2459"]
[PlyCount "112"]
[EventDate "2011.??.??"]
[EventType "swiss"]
[EventRounds "9"]

1. c4 c5 2. g3 g6 3. Bg2 Bg7 4. Nc3 Nc6 5. Nf3 e6 6. d3 Nge7 7. Bg5 O-O 8. Qd2
f6 9. Be3 d6 10. d4 b6 11. Rd1 Ba6 12. b3 e5 13. dxe5 dxe5 14. Qc1 Nd4 15. O-O
Qc7 16. Bd2 Bb7 17. Ne1 Rad8 18. e3 Bxg2 19. Kxg2 Qb7+ 20. f3 Ndc6 21. e4 Nd4
22. Nc2 f5 23. Ne3 Rf7 24. Ned5 Nxd5 25. Nxd5 Rdf8 26. Be3 Qa6 27. Bxd4 exd4
28. a4 fxe4 29. fxe4 Qc8 30. Rxf7 Rxf7 31. Rf1 Rxf1 32. Qxf1 Qe6 33. Qf3 Be5
34. h3 Kg7 35. g4 h6 36. Kf1 Qf7 37. Qxf7+ Kxf7 38. Ke2 Bd6 39. Kf3 Ke6 40. h4
g5 41. hxg5 hxg5 42. Ke2 Ke5 43. Kf3 Bf8 44. Nc7 d3 45. Ke3 d2 46. Kxd2 Kxe4
47. Ke2 Be7 48. Nb5 Kf4 49. Nxa7 Kxg4 50. Nc8 Bd8 51. Nd6 Kh3 52. Ne4 Be7 53.
Nf2+ Kg3 54. Ke3 g4 55. Ne4+ Kh2 56. Nf2 g3 0-1

[Event "Landsturneringen - Elite"]
[Site "Oslo"]
[Date "2011.07.04"]
[Round "3"]
[White "Forså, Espen"]
[Black "Urkedal, Frode"]
[Result "1/2-1/2"]
[WhiteElo "2321"]
[BlackElo "2448"]
[PlyCount "101"]
[EventDate "2011.??.??"]
[EventType "swiss"]
[EventRounds "9"]

1. c4 Nf6 2. Nc3 g6 3. g3 Bg7 4. Bg2 d6 5. d4 O-O 6. h3 Nc6 7. e3 a6 8. Nge2
Rb8 9. b3 Bd7 10. O-O b5 11. cxb5 axb5 12. d5 Na7 13. Nd4 b4 14. Nce2 Qc8 15.
Kh2 c5 16. dxc6 Nxc6 17. a4 bxa3 18. Bxa3 Rb6 19. Qd2 Qb8 20. Rfc1 Rc8 21. Nxc6
Bxc6 22. Bxc6 Rbxc6 23. Rxc6 Rxc6 24. Nd4 Rc8 25. Ra2 e5 26. Nc2 Ne4 27. Qb4
Qa8 28. Ne1 d5 29. Qa4 Qb8 30. Bb4 h5 31. h4 d4 32. exd4 exd4 33. Nd3 Nc3 34.
Bxc3 dxc3 35. b4 Qd6 36. Nc5 Bd4 37. Qb3 Qf6 38. Qd5 Bxc5 39. bxc5 Qe6 40. Qxe6
fxe6 41. Rc2 Rxc5 42. Kg2 Kf7 43. Kf3 Kf6 44. Ke4 e5 45. f3 g5 46. hxg5+ Kxg5
47. Kd3 h4 48. gxh4+ Kxh4 49. Ke3 Rc4 50. Kd3 Ra4 51. Rxc3 1/2-1/2

[Event "Landsturneringen - Elite"]
[Site "Oslo"]
[Date "2011.07.04"]
[Round "3"]
[White "Grønn, Atle"]
[Black "Moen, Andreas"]
[Result "1-0"]
[WhiteElo "2409"]
[BlackElo "2333"]
[PlyCount "39"]
[EventDate "2011.??.??"]
[EventType "swiss"]
[EventRounds "9"]

1. d4 d5 2. Nc3 Nf6 3. Bg5 Nbd7 4. Qd3 b6 5. f3 c5 6. e4 dxe4 7. Nxe4 Bb7 8.
O-O-O Nxe4 9. fxe4 f6 10. Be3 cxd4 11. Qxd4 e5 12. Qa4 Rc8 13. Bb5 Rc7 14. Nf3
Bc8 15. Rd2 g6 16. Rhd1 Rg8 17. h4 Rg7 18. g4 a6 19. Bxb6 axb5 20. Qa5 1-0

[Event "Landsturneringen - Elite"]
[Site "Oslo"]
[Date "2011.07.05"]
[Round "4"]
[White "Kovachev, Daniel J"]
[Black "Urkedal, Frode"]
[Result "1/2-1/2"]
[WhiteElo "2315"]
[BlackElo "2448"]
[PlyCount "21"]
[EventDate "2011.??.??"]
[EventType "swiss"]
[EventRounds "9"]

1. d4 Nf6 2. Nf3 g6 3. c4 Bg7 4. Nc3 O-O 5. Bg5 d6 6. e3 c5 7. d5 a6 8. Nd2 h6
9. Bh4 Qa5 10. Be2 b5 11. a3 1/2-1/2

[Event "Landsturneringen - Elite"]
[Site "Oslo"]
[Date "2011.07.05"]
[Round "4"]
[White "Gabrielsen, Trond"]
[Black "Sahl, Bjarke"]
[Result "1/2-1/2"]
[WhiteElo "2290"]
[BlackElo "2363"]
[PlyCount "74"]
[EventDate "2011.??.??"]
[EventType "swiss"]
[EventRounds "9"]

1. e4 c5 2. c3 d5 3. exd5 Nf6 4. c4 e6 5. dxe6 Bxe6 6. Be2 Qe7 7. b3 Nc6 8. Nf3
g5 9. Nxg5 Bg4 10. Bb2 Rg8 11. h4 Nd4 12. Bxd4 cxd4 13. Kf1 Bf5 14. d3 h6 15.
Nf3 O-O-O 16. Nbd2 Nh5 17. g3 Rxg3 18. fxg3 Nxg3+ 19. Kf2 Qe3+ 20. Kxg3 Bd6+
21. Kg2 Rg8+ 22. Kf1 Bg3 23. Qe1 Bxe1 24. Rxe1 Rg3 25. Rh2 Bxd3 26. Bxd3 Rxf3+
27. Nxf3 Qxf3+ 28. Rf2 Qxd3+ 29. Kg2 f5 30. Re5 Qd1 31. Rfxf5 Qg4+ 32. Kf1 a6
33. Rd5 Qxh4 34. Ke2 Qe4+ 35. Kf2 Qc2+ 36. Kf3 Qxa2 37. Ke4 Qxb3 1/2-1/2

[Event "Landsturneringen - Elite"]
[Site "Oslo"]
[Date "2011.07.05"]
[Round "4"]
[White "Grønn, Atle"]
[Black "Elsness, Frode"]
[Result "0-1"]
[WhiteElo "2409"]
[BlackElo "2485"]
[PlyCount "116"]
[EventDate "2011.??.??"]
[EventType "swiss"]
[EventRounds "9"]

1. d4 Nf6 2. Nc3 d5 3. Bg5 Nbd7 4. Qd3 g6 5. e4 dxe4 6. Nxe4 Bg7 7. Nf3 c5 8.
Bxf6 exf6 9. Nd6+ Kf8 10. O-O-O Qc7 11. Nxc8 Rxc8 12. d5 Qd6 13. Qa3 a6 14. Kb1
f5 15. h3 h5 16. Be2 b5 17. h4 Re8 18. Rd2 Bf6 19. c4 Rb8 20. Rc1 Kg7 21. Rcc2
Rb6 22. Kc1 Re8 23. Kd1 Qf4 24. g3 Qd6 25. Ng5 f4 26. Nh3 fxg3 27. fxg3 Be5 28.
cxb5 axb5 29. g4 hxg4 30. Bxg4 Bg3 31. Nf2 Bxf2 32. Rxf2 Qxd5+ 33. Rcd2 Qe4 34.
Qc3+ Kg8 35. Be2 Qxh4 36. Rxf7 Kxf7 37. Rxd7+ Re7 38. Rxe7+ Qxe7 39. Bxb5 Rd6+
40. Kc2 Qe4+ 41. Bd3 Qd4 42. Qb3+ Kf6 43. a4 Qf2+ 44. Kb1 Qe1+ 45. Kc2 Qa5 46.
Kb1 Qd2 47. Bc2 Qe1+ 48. Ka2 Qe6 49. a5 g5 50. Qxe6+ Kxe6 51. b4 cxb4 52. Kb3
Rd4 53. Ka4 Kd6 54. Kb5 Kc7 55. a6 g4 56. Kc5 Rf4 57. Bb3 g3 58. Bd5 Rf5 0-1

[Event "Landsturneringen - Elite"]
[Site "Oslo"]
[Date "2011.07.05"]
[Round "4"]
[White "Tjølsen, Katrine"]
[Black "Forså, Espen"]
[Result "1-0"]
[WhiteElo "2225"]
[BlackElo "2321"]
[PlyCount "87"]
[EventDate "2011.??.??"]
[EventType "swiss"]
[EventRounds "9"]

1. d4 e6 2. c4 f5 3. g3 Nf6 4. Bg2 c6 5. Nf3 d5 6. O-O Bd6 7. b3 Qe7 8. Bb2 b6
9. Nbd2 O-O 10. Ne5 Bb7 11. Qc2 c5 12. e3 a5 13. Rfd1 Ne4 14. Rac1 Na6 15. Ndf3
Rfd8 16. Nd3 Nb4 17. Qb1 Nxd3 18. Qxd3 Rac8 19. Qe2 Ba6 20. Nd2 Nf6 21. Qf3 Bb7
22. Qe2 Ba6 23. Qf3 Bb7 24. Qe2 e5 25. cxd5 exd4 26. Nc4 Ba6 27. Re1 Bxc4 28.
Qxc4 Re8 29. Qd3 g6 30. Kf1 Ng4 31. exd4 Qg5 32. Kg1 f4 33. Re4 fxg3 34. hxg3
Rxe4 35. Qxe4 Rd8 36. Re1 Kf8 37. Bh3 h5 38. Bxg4 hxg4 39. Kg2 Be7 40. dxc5
Bxc5 41. d6 Bxd6 42. Qd4 Be7 43. Qg7+ Ke8 44. Ba3 1-0

[Event "Landsturneringen - Elite"]
[Site "Oslo"]
[Date "2011.07.05"]
[Round "4"]
[White "Johannessen, Leif Erlend"]
[Black "Østenstad, Berge"]
[Result "1/2-1/2"]
[WhiteElo "2496"]
[BlackElo "2462"]
[PlyCount "108"]
[EventDate "2011.??.??"]
[EventType "swiss"]
[EventRounds "9"]

1. d4 Nf6 2. c4 g6 3. Nc3 d5 4. Bg5 Ne4 5. Bh4 c5 6. cxd5 Nxc3 7. bxc3 Qxd5 8.
e3 cxd4 9. Qxd4 Qxd4 10. cxd4 e6 11. Rb1 Be7 12. Bxe7 Kxe7 13. Bd3 Nd7 14. Nf3
b6 15. Ke2 Bb7 16. a4 Rhc8 17. a5 Rc3 18. Rhc1 Rac8 19. Rxc3 Rxc3 20. axb6
Bxf3+ 21. gxf3 Nxb6 22. Ra1 Rc7 23. e4 f5 24. Ke3 Kf6 25. Ra5 Rd7 26. Rc5 f4+
27. Kxf4 Rxd4 28. Ke3 Rd8 29. f4 Rc8 30. Rb5 Rc7 31. h4 Na4 32. h5 Nc5 33. hxg6
hxg6 34. Bb1 Rb7 35. e5+ Kg7 36. Rxc5 Rxb1 37. Rc7+ Kh6 38. Rxa7 Rb3+ 39. Ke4
Rb4+ 40. Kf3 g5 41. Rf7 Kh5 42. fxg5 Kxg5 43. Ke3 Ra4 44. Re7 Ra3+ 45. Kd4 Ra1
46. f4+ Kg4 47. Rxe6 Kxf4 48. Rf6+ Kg5 49. Rf2 Ra4+ 50. Kd5 Ra5+ 51. Ke6 Ra6+
52. Kf7 Ra7+ 53. Kf8 Ra8+ 54. Kf7 Ra7+ 1/2-1/2